|
|
|
|
| LEADER |
00000nab a2200000 ar4500 |
| 001 |
vtls008878144 |
| 003 |
SK-MaSNL |
| 005 |
20260303163900.0 |
| 008 |
061113c2004 xo |r|p|||||||000 b|slo |
| 015 |
|
|
|a SNBRA2006/11
|2 snkbucl
|
| 038 |
|
|
|a SNKBUCL
|
| 040 |
|
|
|a SNKBUCL
|b slo
|c SNKBUCL
|e AACR2
|
| 041 |
1 |
|
|a slo
|b eng
|
| 044 |
|
|
|a xo
|c SK
|
| 080 |
|
|
|a 581.526.33/.34(234.372.4)
|2 2001
|
| 080 |
|
|
|a 502.21(1-751.3)
|x (437.6)
|2 2001
|
| 100 |
1 |
|
|a Dítě, Daniel,
|d 1968-
|4 aut
|9 214518
|
| 245 |
1 |
0 |
|a Súčasný výskyt vzácnych vyšších rastlín nelesných rašelinných spoločenstiev v území Tatranského národného parku a jeho ochranného pásma
|c Daniel Dítě, Drahoslava Pukajová
|
| 504 |
|
|
|a Bibliogr. odkazy
|
| 546 |
|
|
|a Res. angl.
|
| 650 |
0 |
7 |
|a vyššie rastliny
|2 snkbucl
|9 88079
|
| 650 |
0 |
7 |
|a rašeliniská
|2 snkbucl
|9 19255
|
| 651 |
|
7 |
|a Tatranský národný park (Slovensko)
|2 snkbucl
|9 106968
|
| 700 |
1 |
|
|a Pukajová, Drahoslava
|4 aut
|9 771022
|
| 773 |
0 |
|
|t Štúdie o Tatranskom národnom parku 7 (40)
|d Poprad : Marmota press, 2004
|g S. 261-271
|z 8096887858
|
| 852 |
|
|
|a SNK
|b KIS3GCP
|
| 958 |
|
|
|a NB
|
| 999 |
|
|
|c 2061932
|d 2063862
|